| 000 | 00000nas 2200000za 4500 |
| 001 | 9.515761 |
| 003 | CaOODSP |
| 005 | 20220125145840 |
| 007 | ta |
| 008 | 150406c2011||||xxc|| m #||||f| |0eng|d |
| 040 | |aCaOODSP|beng |
| 043 | |an-cn--- |
| 086 | 1 |aD4-10E |
| 245 | 00|aCANSOFCOM Professional Development Centre monographs / |cProduced for the Canadian Defence Academy Press by 17 Wing Winnipeg Publishing Office. |
| 246 | 1 |iVariant title : |aCANSOFCOM Battle Laboratory monograph series |
| 260 | |aKingston, ON : |bNational Defence |
| 310 | |aIrregular |
| 362 | 1 |aMonograph 1-- |
| 500 | |a"CANSOFCOM Battle Laboratory publications are produced in cooperation with CDA Press."--Verso of title page, Monograph 1. "CANSOFCOM Professional Development Centre publications are produced in cooperation with CDA Press."--Verso of title page, Monograph 2. |
| 520 | 3 |aProvides quality publications that address topic pertinent to the Canadian Special Operations Forces Command (CANSOFCOM) personnel and that are of general interest to a broader audience, including the wider military community, the Canadian public, military and civilian decision-makers, as well as international allies. As such, each monograph is designed as a self-contained article, case study or handbook. Moreover, they are designed to evoke discussion and further debate concerning current and past Special Operations Forces experiences. |
| 563 | |aSoftcover |
| 690 | 07|aMilitary personnel|2gcpds |
| 690 | 07|aProfessional development|2gcpds |
| 710 | 1 |aCanada. |bDepartment of National Defence. |
| 775 | 08|tMonographies du Centre de perfectionnement professionnel du COMFOSCAN |w(CaOODSP)9.514139 |
| 776 | 0#|tCANSOFCOM Professional Development Centre monograph series |w(CaOODSP)9.832874 |
| 785 | 00|tCANSOFCOM Education & Research Centre monograph series.|w(CaOODSP)9.832906 |